000 00244nam a22000857a 4500
008 160701b xxu||||| |||| 00| 0 eng d
100 _91743
_a Kapur, J.N
245 _aMathematical Experiences
260 _aNew Delhi
_b Mathematical Sciences Trust
_c1993
999 _c1449
_d1449